Chébet Jehuda (Record no. 31138)

MARC details
000 -LEADER
campo de control de longitud fija 00767nam a2200217 i 4500
001 - NÚMERO DE CONTROL
campo de control 31138
003 - IDENTIFICADOR DE NÚMERO DE CONTROL
campo de control ES-MaACL
005 - FECHA Y HORA DE LA ÚLTIMA TRANSACCIÓN
campo de control 20230906154323.0
007 - CAMPO FIJO DE DESCRIPCIÓN FÍSICA--INFORMACIÓN GENERAL
campo de control de longitud fija t|
008 - DATOS DE LONGITUD FIJA--INFORMACIÓN GENERAL
campo de control de longitud fija 030128s1927 sp ||||1| spa d
100 1# - ENTRADA PRINCIPAL--NOMBRE DE PERSONA
Nombre de persona Salomón Ibn Verga.
9 (RLIN) 27412
240 10 - TÍTULO UNIFORME
Título uniforme Shévet Yehudá.
Lenguaje de la obra Español
245 10 - MENCIÓN DEL TÍTULO
Título Chébet Jehuda
Resto del título = (La vara de Judá) /
Mención de responsabilidad, etc. de Salomón ben Verga ; traducción española con un estudio preliminar por Francisco Cantera Burgos.
260 ## - PUBLICACIÓN, DISTRIBUCIÓN, ETC.
Lugar de publicación, distribución, etc. Granada :
Nombre del editor, distribuidor, etc. [s.n.],
Fecha de publicación, distribución, etc. 1927 (
Fabricante López Guevara)
300 ## - DESCRIPCIÓN FÍSICA
Extensión 310 p. ;
Dimensiones 25 cm.
650 ## - PUNTO DE ACCESO ADICIONAL DE MATERIA--TÉRMINO DE MATERIA
Término de materia o nombre geográfico como elemento de entrada Judíos-
Subdivisión general Historia-
Subdivisión cronológica 70-1789.
9 (RLIN) 151042
650 #4 - PUNTO DE ACCESO ADICIONAL DE MATERIA--TÉRMINO DE MATERIA
Término de materia o nombre geográfico como elemento de entrada Judíos-
Subdivisión geográfica Portugal-
Subdivisión general Historia.
9 (RLIN) 14005
650 04 - PUNTO DE ACCESO ADICIONAL DE MATERIA--TÉRMINO DE MATERIA
Término de materia o nombre geográfico como elemento de entrada Judíos-
Subdivisión geográfica España.
9 (RLIN) 13983
700 1# - ENTRADA AGREGADA--NOMBRE PERSONAL
Nombre de persona Cantera Burgos, Francisco.
9 (RLIN) 34642
852 ## - LOCALIZACIÓN
Ubicación ES-MaACL
Número de control de estantería F-9887
Holdings
Estatus retirado Estado de pérdida Estado de daño No para préstamo Biblioteca de origen Biblioteca actual Ubicación en estantería Fecha de adquisición Fuente de adquisición Total de préstamos Signatura topográfica completa Código de barras Visto por última vez Precio de reemplazo Tipo de ítem Koha
        Biblioteca del Ateneo de Madrid Biblioteca del Ateneo de Madrid Sala Pecera Planta 2 17/01/2008     F-9887 1032168 23/02/2023 23/02/2023 Libro impreso